| 000 | 01174nam a2200229Ia 4500 | ||
|---|---|---|---|
| 001 | L240-12691 | ||
| 003 | IT-CnALBA | ||
| 008 | 170116s9999||||xx |||||||||||||| ||und|| | ||
| 040 |
_aIT-CnALBA _cIT-CnALBA |
||
| 041 | _aITALIANO | ||
| 100 | _aTIHAMER TOTH, MONS. DOTT. | ||
| 245 | 0 | _aIL SIMBOLO DEGLI APOSTOLI. VOL. IV: REDENTORE. SOFFERENZE. PASSIONE DI GESÙ. | |
| 250 | _a1a ed. | ||
| 260 |
_aPADOVA - VC _bGREGORIANA LIBRERIA EDITRICE _c1944 [1° Ed.:1944] |
||
| 300 | _a280 p. | ||
| 500 | _aCURATORE U. CAMOZZO. INCARNAZIONE DEL FIGLIO DI DIO. MOTIVI. IL SALVATORE. LA REDENZIONE. IL FIGLIOL PRODIGO. SOFFERENZA DI CRISTO. FRUTTO. PASSIONE. PIETRO. GIUDA. PILATO. DONNE. OLOCAUSTO COMPLETO. OBBEDIENZA AL PADRE. | ||
| 501 | _aSocietà San Paolo EM - Piazza San Paolo, 14 - 12051 ALBA (CN) (non commercial uses only) ® Copyright 2017 | ||
| 520 | _aCURATORE U. CAMOZZO. INCARNAZIONE DEL FIGLIO DI DIO. MOTIVI. IL SALVATORE. LA REDENZIONE. IL FIGLIOL PRODIGO. SOFFERENZA DI CRISTO. FRUTTO. PASSIONE. PIETRO. GIUDA. PILATO. DONNE. OLOCAUSTO COMPLETO. OBBEDIENZA AL PADRE. | ||
| 650 | _aTEOLOGIA SPIRITUALE CRISTIANA | ||
| 942 | _cBK | ||
| 957 | _71 | ||
| 999 |
_a17444 _bSI _g Copie: 1 _c271867 _d271867 |
||